| 000 | 00380nam a2200145 a 4500 | ||
|---|---|---|---|
| 001 | 252 | ||
| 003 | CDMR | ||
| 005 | 20130116135152.0 | ||
| 008 | 130130s2010||||||||||||||||||||||||||||d | ||
| 040 |
_aCDMR _bcat _cCPC GIRONA |
||
| 100 | 1 |
_aMolas, Joaquim _9161 |
|
| 245 | 1 | 0 |
_aAproximació a la literatura catalana del segle XX _cMolas, Joaquim |
| 260 |
_c2010 _bEditorial Base |
||
| 942 | _cMON | ||
| 999 |
_c252 _d252 |
||